书目信息 |
| 题名: |
森林营造技术
|
|
| 作者: | 张余田 主编 | |
| 分册: | ||
| 出版信息: | 北京 中国林业出版社 2007 |
|
| 页数: | 348页 | |
| 开本: | 26cm | |
| 丛书名: | ||
| 单 册: | ||
| 中图分类: | S725 | |
| 科图分类: | ||
| 主题词: | 造林--高等教育--教材 , 造林 | |
| 电子资源: | ||
| ISBN: | 978-7-5038-4494-2 | |
| 000 | 00814nam0 2200253 450 | |
| 001 | 012015000728 | |
| 005 | 20150914163746.81 | |
| 010 | @a978-7-5038-4494-2@dCNY30.00 | |
| 100 | @a20070327d2007 em y0chiy50 ea | |
| 101 | 0 | @achi |
| 102 | @aCN@b110000 | |
| 105 | @ay z 000yy | |
| 106 | @ar | |
| 200 | 1 | @a森林营造技术@Asen lin ying zao ji shu@f张余田主编 |
| 210 | @a北京@c中国林业出版社@d2007 | |
| 215 | @a348页@d26cm | |
| 300 | @a教育部高职高专教育林业类专业教学指导委员会规划教材 | |
| 330 | @a本书介绍了人工林营造的基本理论、造林施工技术、幼林抚育管理、造林规划设计、主要林种营造技术、特殊生态环境造林技术等内容。 | |
| 606 | 0 | @a造林@x高等教育@j教材 |
| 606 | 0 | @a造林 |
| 690 | @aS725@v5 | |
| 701 | 0 | @a张余田@Azhang yu tian@4主编 |
| 801 | 0 | @aCN@b碧洲教育@c20150718 |
| 905 | @a10447@f3@dS725@e71 | |
| 森林营造技术/张余田主编.-北京:中国林业出版社,2007 |
| 348页;26cm |
| 教育部高职高专教育林业类专业教学指导委员会规划教材 |
| ISBN 978-7-5038-4494-2:CNY30.00 |
| 本书介绍了人工林营造的基本理论、造林施工技术、幼林抚育管理、造林规划设计、主要林种营造技术、特殊生态环境造林技术等内容。 |
| ● |
| 相关链接 |
|
|
|
|
正题名:森林营造技术
索取号:S725/71
 
预约/预借
| 序号 | 登录号 | 条形码 | 馆藏地/架位号 | 状态 | 备注 |
| 1 | 0848279 | 208482792 | 第二样本阅览室/ [索取号:S725/71] | 在馆 | |
| 2 | 0848280 | 208482809 | 第三借阅区/ [索取号:S725/71] | 在馆 | |
| 3 | 0848281 | 208482818 | 第三借阅区/ [索取号:S725/71] | 在馆 |